| 000 | 01002nam a2200241 a 4500 | ||
|---|---|---|---|
| 001 | 38882 | ||
| 003 | BD-RjUL | ||
| 005 | 20230215130013.0 | ||
| 008 | 160425s2010 bg a|||e b||| 001 0 ben d | ||
| 020 | _c: TK.95.00 | ||
| 035 | _a(BD-RjUL)38992 | ||
| 040 |
_aBD-RjUL _bben _cBD-RjUL |
||
| 041 | _aben | ||
| 082 |
_223 _a342.549202 _bAHB 2010 |
||
| 100 |
_aআহমেদ, কফিল উদ্দিন _9119955 |
||
| 245 |
_aবাংলাদেশের সংবিধান ও রাজনীতি / _cকফিল উদ্দিন আহমেদ |
||
| 260 |
_aরাজশাহী : _bসোনিয়া আহমেদ, _c২০১০ |
||
| 300 |
_aviii, ২০৩ পৃ. : _bচিত্র ; _c২১ সেমি. |
||
| 504 | _aগ্রন্থপঞ্জি ও নির্ঘণ্ট সংযুক্ত | ||
| 650 |
_aসাংবিধানিক আইন _zবাংলাদেশ _9119996 |
||
| 650 |
_aConstitutional law _zBangladesh _9119708 |
||
| 942 |
_2ddc _cBK |
||
| 999 |
_c38882 _d38882 |
||